LEADER 01187nam a2200289 u 4500 001 000000080131 003 CaOOAMICUS 005 20070226123619.0 008 040625s2003 enk u000 u eng u 020 $a0415284678 035 $a11001994 040 $aPUL$bita 041 1 $aeng$hrus 100 1 $aFedorovich Losev, Aleksei.$0(OLS)http://pul/name/53406 240 10$aDialektika Mifa.$lInglese.$0(OLS)http://pul/title/104964 245 14$aThe dialectics of myth /$cAleksei Fyodorovic Losev ; translated from the Russian by Vladimir Marchencov. 260 $aLondon and New York :$bRoutledge,$c2003. 300 $aviii, 235 p. ;$c24 cm 500 $aContiene indici. 650 4$aMito.$0(OLS)http://pul/subject/3434 700 1 $aMarchenkov, Vladimir.$0(OLS)http://pul/name/53407 850 $aPUL 852 $aPUL$W1$xSL Religione 3$y85$m291. 1 LOSAL 1$j102378$nBK-PRI$b $qDDC 21$B102378$CPULBib$Z2$F102378 $HPUL95562 $81 941 1 $a9 996 $6020$a0415284678$9(OLS)http://pul/number/105780 996 $6245$aThe dialectics of myth$9(OLS)http://pul/title/104965 996 $6260$aLondon and New York :$bRoutledge$9(OLS)http://pul/publisher/75577 LEADER 01132nam a2200289 a 4500 001 000000169133 003 CaOOAMICUS 005 20180913123129.0 008 180913s1952 it 000 u ita r 032 $aLibriCat 040 $aPul$bita 041 $aita$afre 100 1 $aValéry, Paul,$d1871-1945.$0(OLS)http://pul/name/52041 240 10$aAlbum de vers anciens.$lItaliano.$0(OLS)http://pul/title/209701 245 10$aAlbum di versi antichi /$cPaul Valéry ; [a cura di Ugo Fasolo] . 260 $aFirenze :$bFussi :$bSansoni,$c©1952. 300 $a91 p. ; $c17 cm. 490 1 $aIl melagrano ;$v24 546 $aTesto in francese e in italiano a fronte. 700 1 $aFasolo, Ugo.$0(OLS)http://pul/name/108971 830 3$aIl melagrano ;$v24.$0(OLS)http://pul/title/9155 850 $aPUL 852 $aPUL$W1$xDP1 Fondo Dalla Palma$y117$m9 C 76$j44729$qFondi$B197106$CPULBib$Z2$F197106 $HDal1269 $81 941 1 $a1 996 $6245$aAlbum di versi antichi$9(OLS)http://pul/title/209700 996 $6260$aFirenze :$bFussi :$bSansoni$9(OLS)http://pul/publisher/77431